=LDR 00000nam 2200000 4500 =001 INLIS000000000009429 =005 20200326125254 =035 ##$$a 0010-061300000009429 =008 200326################g##########0#ind## =041 ##$$a Ind =082 ##$$a 233 =090 ##$$a 233, Sit-m =100 ##$$a Sitompul, A. A =245 1#$$a Manusia dan Budaya, Teologi Antropologi /$c A. A. Sitompul =260 ##$$a Jakarta :$b Gunung Mulia,$c 1993 =300 ##$$a xvii, 377 hlm. ; $c 13 x 20 cm =650 #4$$a Manusia(Teologi) =850 ##$$a NBPNMAT =020 ##$$a 979-415-574-8 =084 ##$$a 233 SIT m =250 ##$$a Cet. 2 =990 ##$$a DW00022376 =990 ##$$a 58.727/Pro.93